| 000 | 00875nam a2200253 a 4500 | ||
|---|---|---|---|
| 001 | 807 | ||
| 003 | BR-CuiBMT | ||
| 005 | 20231129164129.0 | ||
| 008 | 231113s2004 dfb 001 0 por d | ||
| 040 |
_aBR-CuiBMT _cBR-CuiBMT |
||
| 080 |
_a347.61/.68 _22007 |
||
| 090 |
_a347.61/.68 _bP436d |
||
| 100 | 1 |
_aPereira, Lafayette Rodrigues, _d1834-1917 |
|
| 245 | 1 | 0 |
_aDireitos de família / _cLafayette Rodrigues Pereira ; prefácio, Sálvio de Figueiredo. |
| 260 |
_aBrasília : _bEd. Fac-similar, _c2004. |
||
| 300 |
_axxvi, 376 p. ; _c23 cm |
||
| 490 | 1 |
_aColeção história do direito brasileiro : direito civil ; _vv. 7 |
|
| 504 | _aInclui bibliografia e índice. | ||
| 650 |
_aDireito de família _zBrasil |
||
| 650 |
_aDireito civil _zBrasil |
||
| 650 |
_aDireito patrimonial _zBrasil |
||
| 830 | 0 |
_aHistória do direito brasileiro : direito civil ; _v7 |
|
| 942 |
_2udc _cLV |
||
| 999 |
_c807 _d807 |
||